000 01428nam a2200313 a 4500
001 000004957
005 20250922140725.0
008 090728s1995 dr r 000 0 spa d
040 _aDO-SdBNP
_bspa
_cBNPHU
082 _a344.7293052
_bR426co, 1995
110 1 _aRepública Dominicana
_9447
240 1 0 _a[Código, etc.]
245 1 0 _aCódigo de justicia policial :
_badministración de justicia en la Policia Nacional de la República Dominicana : incluye ley orgánica policial, jurisprudencia y comentarios /
_c[anotado] Diego Francisco Jáquez Ortiz, Manuel de Js. Pérez Sánchez.
250 _a4a ed.
260 _aSanto Domingo :
_bLitografía Industrial Dominicana,
_c1995.
300 _a72 p. ;
_c21 cm.
500 _aIncluye índice alfabético
500 _aIncluye apéndice: Ley institucional de la Policia Nacional Nº 6141 de fecha 28 de diciembre de 1962 G.O. Nº 8724
504 _aIncluye referencias biliográficas y notas al pie de las páginas.
504 _aBibliografía : p. 73-76
590 _aInventariado, 2018/VM
650 4 _aPolicía
_zRepública Dominicana
_914306
650 4 _aPolicía nacional
_xLegislación
_914307
650 4 _aResponsabilidad civil
_914308
650 0 _aResponsabilidad del estado
_914309
650 4 _aResponsabilidad extracontractual
_914310
700 1 _aPérez Sánchez, Manuel de Js.
_q(Manuel de Jesus)
_914316
910 _aValidado. Control de calidad. MFF
999 _c4763
_d4763